| 000 | 01491nam a2200373 c 4500 | ||
|---|---|---|---|
| 003 | BLK | ||
| 005 | 20250717173830.0 | ||
| 008 | 180410b bul|||||r ||||||| ||bul|| | ||
| 010 | _aKNG00161244000 | ||
| 020 |
_a978-619-164-052-2 _bиздат.: Enthusiast |
||
| 040 | _aBLK | ||
| 041 |
_aBUL _cBUL |
||
| 072 | 7 |
_2bullib _aН85 _xДетска художествена литература Н |
|
| 080 |
_aАнглийска литература _b821.111 _x-93-312.4 _z821.111-93-312.4 |
||
| 100 | 1 |
_aЧайлд, Лорън _eпърви автор _9332546 |
|
| 700 | 1 |
_aЯнева, Анелия Великова _eпрев. от англ. _9323555 |
|
| 139 |
_aЧайлд, Лорън _bЧ 16 |
||
| 245 | 1 | 0 |
_aРуби Редфорт: Погледни ме в очите _bРоман _cЛорън Чайлд; прев. от англ. Анелия Великова Янева. |
| 257 | _aGBR | ||
| 260 |
_аСофия _bEnthusiast _c2013 _fСофия : Хеликс Прес |
||
| 300 |
_a367 с. _c20 см |
||
| 380 | _aDX | ||
| 500 | _aОриг. загл. Ruby Redfort : Look Into My Eyes / Louren Child. | ||
| 653 | _aкрими | ||
| 653 | _aлитература за деца | ||
| 653 | _aдетска литература | ||
| 659 | _aН | ||
| 852 | _aЦб 269027 | ||
| 856 | 4 |
_qpdf _u |
|
| 856 | 4 |
_qpdf _u |
|
| 942 |
_cKNG _n0 _023 |
||
| 944 |
_aCR _c26.05.2014 _lЦветомила Тодорова _k30576 |
||
| 944 |
_aED _c06.07.2017 _lф / _kЛюдмила_Стоянова |
||
| 999 |
_c154605 _d154605 |
||